000 00313 a2200157 4500
001 170144
020 _a
040 _cMagnum
100 _aVlach, Vania
240 1 0 _aGeografia em construcao
_lpor
245 1 0 _aGeografia em construcao
362 0 _a1899
440 1 _aLĂȘ
697 _aGERAL
942 _cBK
999 _c170144
_d170144